O som da turma (Record no. 157699)

MARC details
000 -LÍDER
campo de controle de tamanho fixo 00538nam a22002057a 4500
001 - NÚMERO DE CONTROLE
campo de controle 157699
003 - IDENTIFICADOR DO NÚMERO DE CONTROLE
campo de controle OSt
005 - DATA E HORÁRIO DA ÚLTIMA TRANSAÇÃO
campo de controle 20240508111059.0
008 - CAMPO DE DADOS FIXOS--INFORMAÇÃO GERAL
campo de controle de tamanho fixo 240508b |||||||| |||| 00| 0 POR d
020 ## - ISBN - INTERNATIONAL STANDARD BOOK NUMBER
ISBN - International Standard Book Number 9788525046604
040 ## - FONTE DA CATALOGAÇÃO
Instituição que transcreveu o registro Colégio Cândido Portinari
082 ## - CDD - CLASSIFICAÇÃO DECIMAL DE DEWEY
Número de Classificação 741.1
100 ## - ENTRADA PRINCIPAL--NOME PESSOAL
Nome pessoal Ziraldo
Função do autor por extenso Author
9 (RLIN) 177
245 ## - TÍTULO
Título O som da turma
Restante do título Ziraldo
260 ## - PUBLICAÇÃO, DISTRIBUIÇÃO, ETC.
Local de publicação, distribuição, etc. São Paulo:
Nome do editor, distribuidor, etc. Globo,
Data da publicação, distribuição, etc. 2009.
300 ## - DESCRIÇÃO FÍSICA
Extensão 64 p.
490 ## - TÍTULO DA SÉRIE
Título da série (Coleção Almanaque Maluquinho).
650 #0 - ASSUNTO--TERMO TÓPICO
Cabeçalho tópico ou nome geográfico Literatura infantojuvenil
9 (RLIN) 1113
942 ## - ELEMENTOS DE ENTRADA ADICIONADOS (KOHA)
Fonte da classificação ou esquema de arquivamento na estante
Tipo de material Koha Livros
Ocultar no OPAC Não
Holdings
Situação do descarte Situação das perdas Fonte da classificação ou esquema de arquivamento na estante Situação física Não pode ser emprestado Biblioteca de origem Biblioteca atual Data de aquisição Total de empréstimos Número de chamada completo Código de barras Data de último acesso Data do último empréstimo Número do exemplar Data do preço efetivo Tipo de material Koha
          Portinari - Salvador Portinari - Salvador 08/05/2024 1 741.5 Z81s 12221/CCP 19/06/2024 08/05/2024 Ex. 1 08/05/2024 Livros